Estudio de impacto ambiental de la remodelación modernización y manejo de los desechos sólidos del Mercado Alfredo Lazo Estelí

Presenta un estudio sobre la basura generada por mercado municipal Alfredo Lazo es recolectada en un contenedor, ubicado en el costado este de dicho mercado, resultando un foco de contaminación que debe ser eliminado ya que no se le da el debido trato o selección de la basura.

Bibliographic Details
Main Authors: Briones Rivera, Everlyn Linette, Rodríguez Rodríguez, María Esther
Other Authors: Tutor: Sierra Mercado, Jimmy
Format: Tesis Section = Libro
Language:Undetermined
Spanish
Published: Managua UNI 2011
Subjects:
LEADER 01151nam a2200265Ia 4500
008 240830s9999 xx 000 0 und d
040 |a BIBLIOTECA-RUPAP T.Mon 628.44 B858 
041 |a spa 
082 |a T.Mon 628.44 B858 
100 1 |a Briones Rivera, Everlyn Linette 
100 1 |b Rodríguez Rodríguez, María Esther 
245 1 0 |a Estudio de impacto ambiental de la remodelación modernización y manejo de los desechos sólidos del Mercado Alfredo Lazo Estelí 
260 |a Managua  |b UNI  |c 2011 
300 |a 1119 p. :il. 
500 |a Contiene: anexos. 
502 |a Tesis (Ingeniero Civil)- UNI, 2011. 
520 3 |a Presenta un estudio sobre la basura generada por mercado municipal Alfredo Lazo es recolectada en un contenedor, ubicado en el costado este de dicho mercado, resultando un foco de contaminación que debe ser eliminado ya que no se le da el debido trato o selección de la basura. 
650 7 |a DESECHOS SOLIDOS (BASURA) 
650 7 |b INGENIERIA SANITARIA 
650 7 |c CONTAMINACION DEL AGUA 
650 7 |d SALUD PÚBLICA 
700 1 |a Tutor:  |b Sierra Mercado, Jimmy 
942 |c BK  |2 ddc 
991 |a TESIS 
999 |c 18455